| 000 | 00727nam a22001817a 4500 | ||
|---|---|---|---|
| 003 | UA-OsUOA | ||
| 001 | 15824 | ||
| 007 | ta | ||
| 008 | 20031209b un ||||| |||| 00| 0 ukr d | ||
| 100 | _aЗаяць В. | ||
| 942 | _cSA | ||
| 040 |
_aUA-OsUOA _cUA-OsUOA _dUA-OsUOA |
||
| 245 |
_a"Агро-Союз" - лідер українського ринку запасних частин" _b[Розповідь дир. ТзОВ "Агро-Союз-Рівне" про діяльність на вітчизняному ринку В.Зайця]/О.Дубовик |
||
| 300 | _aС.4 | ||
| 955 | _a0 | ||
| 773 | 0 |
_w0 _tІмідж _dРівне _d2003 _g№20/Листоп./ |
|
| 650 | 7 |
_aКраєзнавча робота _2UDC |
|
| 999 |
_c301989 _d301989 |
||